| 000 | 00482nam a22001937a 4500 | ||
|---|---|---|---|
| 003 | NUST - PNEC | ||
| 005 | 20170116181010.0 | ||
| 008 | 150913b xxu||||| |||| 00| 0 eng d | ||
| 020 | _a0830635211 | ||
| 020 | _a0830635203 | ||
| 040 | _cLIBRARY | ||
| 082 | _a005.74 GOO | ||
| 100 |
_910112 _aGookin, Dan |
||
| 245 |
_aHard disk management with DOS 5 _cDan Gookin |
||
| 250 | _a3rd ed. | ||
| 260 | _cc.1992 | ||
| 650 |
_910114 _aPC-DOS (Computer file) _xMIS |
||
| 942 |
_2ddc _cBK |
||
| 999 |
_c67053 _d67053 |
||